000
00374nam a2200145Ia 4500
008
231129s2000||||xx |||||||||||||| ||spa||
020
_a
84-01-54139-5
040
_b
spa
082
_a
004.6 G259n
100
_a
Gates Bill
245
0
_a
Los negocios en la era digital
260
_c
2000
264
_a
Plaza y Janes
942
_2
ddc
_c
BKS
999
_c
19869
_d
19869